MARC

LEADER 00000nam0a2200000 4500
001 304816
005 20231102001735.0
035 |a (RuTPU)RU\TPU\book\330063 
090 |a 304816 
100 |a 20150918d1982 km y0rusy50 ca 
101 0 |a rus 
102 |a UZ 
105 |a a z 001zy 
200 1 |a Характеризационные задачи, связанные с показательным распределением  |f Т. А. Азларов, Н. А. Володин  |g Академия наук Узбекской ССР (АН УзССР), Институт математики им. В. И. Романовского 
210 |a Ташкент  |c Фан  |d 1982 
215 |a 98 с.  |c ил. 
320 |a Библиогр.: с. 92-97 
606 1 |a Статистика прикладная  |2 stltpush  |3 (RuTPU)RU\TPU\subj\51484  |9 70076 
610 1 |a статистические распределения 
610 1 |a сложные распределения 
610 1 |a задачи 
610 1 |a теория массового обслуживания 
610 1 |a применение 
610 1 |a теория надежности 
610 1 |a устойчивость 
675 |a 519.22  |v 4 
700 1 |a Азларов  |b Т. А.  |g Турсун Абдурахимиович 
701 1 |a Володин  |b Н. А.  |g Николай Анатольевич 
712 0 2 |a Академия наук Узбекской ССР (АН УзССР)  |b Институт математики им. В. И. Романовского  |2 stltpush  |3 (RuTPU)RU\TPU\col\12154 
801 1 |a RU  |b 63413507  |c 20150918 
801 2 |a RU  |b 63413507  |c 20190424  |g RCR 
942 |c BK